Obra completa en poesía

Saved in:
Bibliographic Details
Main Author: Shakespeare, William (Author)
Format: Book
Language:English
Spanish
Published: Barcelona Ediciones 29 1981
Edition:5a. ed
Series:Libros Río Nuevo. Serie Poesía, 7
Subjects:
Tags: Add Tag
No Tags, Be the first to tag this record!

MARC

LEADER 00000nam a2200000 a 4500
001 UCV7915
003 CL-VaPUC
008 900308e19810000SP |||||||||||||||||eng|d
041 0 7 |a eng  |2 CL-VaPUC 
041 0 7 |a spa  |2 CL-VaPUC 
082 0 4 |a 821  |b SHA  |2 21 
100 |a Shakespeare, William  |e author  |9 265757 
245 1 0 |a Obra completa en poesía 
250 |a 5a. ed 
300 |a 443 p 
942 |c BK 
945 |d 19900308 00:00:00 
260 |a Barcelona  |b Ediciones 29  |c 1981 
600 0 |a Shakespeare, William  |9 265757 
650 0 |a Poesía inglesa   |9 264944 
650 0 |a Crítica e interpretación   |9 255042 
583 |a last modification  |c 19900308 00:00:00  |k Rodrigo Vera 
490 0 |a Libros Río Nuevo. Serie Poesía, 7 
999 |c 213521  |d 213519 
952 |0 0  |1 0  |4 0  |6 821_000000000000000_SHA_1981  |7 0  |8 A  |9 195986  |a BIBARQ  |b BIBARQ  |d 2019-11-14  |i 2639467  |o 821 SHA 1981  |p 2639467  |r 2025-01-20  |w 2019-11-14  |y BK  |k ARQ